000 00614nam a2200193Ii 4500
003 JO-AjNU
008 230605s9999||||xx |||||||||||||| ||und||
040 _aJO-AjNU
_bara
_erda
_cJO-AjNU
041 _aara
050 1 4 _aPJ7852.A96.A17 1997
100 3 _aتأليف الملائكة،نازك,
_eauthor
_933702
245 0 0 _aديوان نازك الملائكة، مج1
264 3 1 _aبيروت:دار العودة،1997
300 _aمج1، 692ص
336 _atext
_btxt
_2rdacontent
337 _aunmediated
_bn
_2rdamedia
338 _avolume
_bnc
_2rdacarrier
650 4 _aالشعر العربي
_933703
999 _aA13744
_c17312
_d17312